| 000 | 00766nam a22002057a 4500 | ||
|---|---|---|---|
| 005 | 20230520072320.0 | ||
| 008 | 221114b |||||||| |||| 00| 0 eng d | ||
| 020 | _a978-971-9654-68-1 | ||
| 082 | _aFil. 647.940688 V433 2017 | ||
| 100 |
_aVelasco, Evelyn O. _eauthor |
||
| 245 |
_aBasic understanding to hospitality and tourism marketing with IMC / _cEvelyn O. Velasco, Daryl A. Javier, Enrique S. Perez |
||
| 260 |
_aManila: _bUnlimited Books Library Services and Publishing, _cc2017. |
||
| 300 | _aviii, 134p. | ||
| 504 | _aIncludes references | ||
| 541 | _e5944 c.1, 5945 c.2, 5946 c.3 | ||
| 650 | _aHospitality industry - Marketing | ||
| 650 | _aTourist trade - Marketing | ||
| 700 |
_aJavier, Daryl A. _eauthor |
||
| 700 |
_aPerez, Enrique S. _eauthor |
||
| 999 |
_c216 _d216 |
||